Royal to public life / (Record no. 139197)

MARC details
000 -LEADER
fixed length control field 00573nam a22001817a 4500
005 - DATE AND TIME OF LATEST TRANSACTION
control field 20170421145919.0
010 ## - LCCN (DPL NO)
LC control number ENG-117925
020 ## - INTERNATIONAL STANDARD BOOK NUMBER
Terms of availability 600.00
International Standard Book Number 9789351868286
035 ## - SYSTEM CONTROL NUMBER
System control number EN-101457
037 ## - SOURCE OF ACQUISITION
Source of stock number/acquisition DBAD/PUB
100 ## - MAIN ENTRY--PERSONAL NAME
Personal name Scindia,Rajmata Vijayaraje
245 ## - TITLE STATEMENT
Title Royal to public life /
Statement of responsibility, etc by Rajmata Vijayaraje Scindia [and] Mridula Sinha
260 ## - PUBLICATION, DISTRIBUTION, ETC. (IMPRINT)
Place of publication, distribution, etc New Delhi
Name of publisher, distributor, etc Prabhat Prakashan
Date of publication, distribution, etc 2016
270 ## - ADDRESS
Address 4/19 Asaf Ali Road,
City New Delhi (India)
Postal code 110002
300 ## - PHYSICAL DESCRIPTION
Extent 318p.;
Dimensions 22cm(Hb)
Other physical details ill.
700 ## - ADDED ENTRY--PERSONAL NAME
Personal name Sinha,Mridula
942 ## - ADDED ENTRY ELEMENTS (KOHA)
Source of classification or shelving scheme Dewey Decimal Classification
Item type English Books
Classification part 921
Call number suffix SCI
Holdings
Withdrawn status Lost status Not for loan Collection code Home library Current library Date acquired Source of acquisition Cost, normal purchase price Full call number Barcode Copy number Cost, replacement price Koha item type
      Non-fiction Patel Nagar Patel Nagar 21/04/2017 DBAD/PUB. 600.00 921 SCI EN-101457 1 600.00 English Books

© Delhi Public Library
Hit Counter
free hit counter